The Gambia, MDG acceleration framework: improving agricultural productivity and food security (Record no. 44289)

MARC details
000 -LEADER
fixed length control field 00855nam a2200169 a 4500
008 - FIXED-LENGTH DATA ELEMENTS--GENERAL INFORMATION
fixed length control field 180924s9999 ||||||||||||||||| || u
050 ## - LIBRARY OF CONGRESS CALL NUMBER
Classification number UNDP(02)2014/1
110 ## - MAIN ENTRY--CORPORATE NAME
Corporate name or jurisdiction name as entry element United Nations Development Programme (UNDP)
245 14 - TITLE STATEMENT
Title The Gambia, MDG acceleration framework: improving agricultural productivity and food security
Statement of responsibility, etc. by United Nations Development Program [UNDP]
260 ## - PUBLICATION, DISTRIBUTION, ETC.
Place of publication, distribution, etc. New York
Name of publisher, distributor, etc. United Nations Development Programme (UNDP)
Date of publication, distribution, etc.
300 ## - PHYSICAL DESCRIPTION
Extent vii, 68 pages : illustration
650 ## - SUBJECT ADDED ENTRY--TOPICAL TERM
Topical term or geographic name entry element AGRICULTURE AND STATE--GAMBIA
650 ## - SUBJECT ADDED ENTRY--TOPICAL TERM
Topical term or geographic name entry element MILLENNIUM DEVELOPMENT GOALS--GAMBIA
650 ## - SUBJECT ADDED ENTRY--TOPICAL TERM
Topical term or geographic name entry element AGRICULTURE--ECONOMIC ASPECTS--GAMBIA
650 ## - SUBJECT ADDED ENTRY--TOPICAL TERM
Topical term or geographic name entry element AGRICULTURAL PRODUCTIVITY--AFRICA
995 ## - RECOMMENDATION 995 [LOCAL, UNIMARC FRANCE]
-- CBU-MAIN LIBRARY (Kitwe)
-- 1
-- AVAILABLE
-- Sep 24, 2018
-- United Nations Development Programme
-- University Collection
Holdings
Withdrawn status Lost status Source of classification or shelving scheme Damaged status Not for loan Home library Current library Shelving location Date acquired Total Checkouts Full call number Barcode Date last seen Price effective from Koha item type
          CBU-MAIN LIBRARY, KITWE. CBU-MAIN LIBRARY, KITWE.   11/30/2022   UNDP(02)2014/1 B3768 11/30/2022 11/30/2022 MONOGRAPH